| 000 | 00665nam a22001937a 4500 | ||
|---|---|---|---|
| 003 | BD-DhUL | ||
| 005 | 20170504134034.0 | ||
| 008 | 170504s2017 bg ||||| |||| 00| 0 ben | ||
| 020 | _a9847034307443 | ||
| 040 |
_aBD-DhUL _cBD-DhUL |
||
| 082 |
_a891.44301 _bMIM |
||
| 100 | 1 | _aমিলন, অসীম বিশ্বাস | |
| 245 | 1 | 0 |
_aমিলনের ছোটগল্প : খ. ১ / _cঅসীম বিশ্বাস মিলন |
| 260 |
_aঢাকা : _bবিভাস, _c২০১৭ |
||
| 300 |
_aখ. ; _c২২ সেমি |
||
| 650 | 0 | _aবাংলা ছোটগল্প | |
| 650 | 0 | _aBengali short story | |
| 942 |
_2ddc _cBK |
||
| 999 |
_c194241 _d194241 |
||